[Event "Titled Tuesday intern op 09th May Early"]
[Site "Chess.com INT"]
[Date "2023.05.09"]
[Round "8"]
[White "Baziuk, Vladyslav"]
[Black "Hadzimanolis, Antonios"]
[Result "0-1"]
[WhiteElo "2201"]
[BlackElo "2210"]
[PlyCount "99"]
[EventDate "2023.05.09"]
[EventType "swiss (blitz)"]
[EventRounds "11"]
[EventCountry "USA"]
[SourceTitle "CBM 214 Extra"]
[Source "ChessBase"]
[SourceDate "2023.07.31"]
[SourceVersion "1"]
[SourceVersionDate "2023.07.31"]
[SourceQuality "1"]

1. e4 e5 2. Nf3 Nc6 3. Bc4 Nf6 4. d4 exd4 5. e5 Ne4 6. Qe2 Nc5 7. 0-0 Ne6 8. Rd1 d5 9. exd6 Bxd6 10. c3 0-0 11. cxd4 Re8 12. Qc2 Nexd4 13. Nxd4 Nxd4 14. Qd2 Qh4 15. h3 c5 16. Nc3 Bxh3 17. Qg5 Qxg5 18. Bxg5 Bg4 19. f3 Be6 20. Bxe6 Rxe6 21. Ne4 Bf8 22. Be3 f5 23. Bxd4 cxd4 24. Nf2 Re2 25. Nd3 Rc8 26. Rac1 Rxc1 27. Rxc1 Rd2 28. Ne5 d3 29. Rc3 Rd1+ 30. Kf2 d2 31. Ke2 Re1+ 32. Kxd2 Rxe5 33. Rc7 Re7 34. Rc8 Kf7 35. Kd3 g6 36. Kc4 b6 37. Kd5 Re2 38. Rc7+ Be7 39. g4 Rxb2 40. gxf5 gxf5 41. a4 a5 42. Ke5 Rb4 43. Kxf5 Rxa4 44. Rb7 Rb4 45. Ke5 a4 46. f4 Rb5+ 47. Ke4 a3 48. Ra7 Ra5 49. Rb7 a2 50. f5 0-1

[Event "Titled Tuesday intern op 09th May Early"]
[Site "Chess.com INT"]
[Date "2023.05.09"]
[Round "11"]
[White "Hadzimanolis, Antonios"]
[Black "Ambartsumova, Karina"]
[Result "0-1"]
[WhiteElo "2210"]
[BlackElo "2393"]
[PlyCount "88"]
[EventDate "2023.05.09"]
[EventType "swiss (blitz)"]
[EventRounds "11"]
[EventCountry "USA"]
[SourceTitle "CBM 214 Extra"]
[Source "ChessBase"]
[SourceDate "2023.07.31"]
[SourceVersion "1"]
[SourceVersionDate "2023.07.31"]
[SourceQuality "1"]

1. e4 c5 2. c3 d5 3. exd5 Qxd5 4. d4 Nc6 5. Nf3 Bf5 6. Na3 e6 7. Nb5 0-0-0 8. Be3 cxd4 9. Nbxd4 Bc5 10. Nxf5 Qxf5 11. Qa4 Bxe3 12. fxe3 Nf6 13. Bb5 Qc5 14. Nd4 Nxd4 15. cxd4 Qb6 16. 0-0 Kb8 17. Rad1 Rd6 18. Rd3 Rhd8 19. Rb3 Qc7 20. Ba6 Rb6 21. Bc4 Rc8 22. Rxb6 Qxb6 23. b3 Qc7 24. Qb5 Ne4 25. Qe5 Qxe5 26. dxe5 Rc7 27. Bd3 Nc3 28. Bxh7 Nxa2 29. Bg8 Rc5 30. Rxf7 Rxe5 31. Rxg7 Nc1 32. h4 Nxb3 33. Re7 Nc5 34. Kf2 a5 35. h5 Rxh5 36. Bxe6 Re5 37. Re8+ Ka7 38. Bf7 Rf5+ 39. Ke2 Rxf7 40. Re5 b6 41. g4 a4 42. Rd5 a3 43. Rd2 b5 44. g5 b4 0-1

[Event "Titled Tuesday intern op 09th May Early"]
[Site "Chess.com INT"]
[Date "2023.05.09"]
[Round "6"]
[White "Hadzimanolis, Antonios"]
[Black "Andreassen, Lars"]
[Result "1-0"]
[WhiteElo "2210"]
[BlackElo "2168"]
[PlyCount "83"]
[EventDate "2023.05.09"]
[EventType "swiss (blitz)"]
[EventRounds "11"]
[EventCountry "USA"]
[SourceTitle "CBM 214 Extra"]
[Source "ChessBase"]
[SourceDate "2023.07.31"]
[SourceVersion "1"]
[SourceVersionDate "2023.07.31"]
[SourceQuality "1"]

1. d4 d5 2. c4 e6 3. Nc3 c5 4. cxd5 cxd4 5. Qa4+ Bd7 6. Qxd4 exd5 7. Qxd5 Nc6 8. Nf3 Nf6 9. Qd1 Bc5 10. Bg5 h6 11. Bh4 Qb6 12. Qb3 Qxb3 13. axb3 Nb4 14. 0-0-0 0-0-0 15. e3 Bf5 16. Bc4 g5 17. Bg3 Ne4 18. Nd4 Bxd4 19. Rxd4 Rxd4 20. exd4 Rd8 21. Rd1 a6 22. Bxf7 Nxg3 23. hxg3 Nd3+ 24. Kd2 Rxd4 25. Ke3 Rd7 26. g4 Re7+ 27. Kd4 Nxf2 28. gxf5 Nxd1 29. Be6+ Rxe6 30. fxe6 Nxc3 31. bxc3 Kd8 32. Ke5 Ke7 33. g4 b6 34. c4 a5 35. Kd5 h5 36. gxh5 g4 37. h6 g3 38. h7 g2 39. h8Q g1Q 40. Qh7+ Kf6 41. Qf7+ Kg5 42. Qg8+ 1-0

[Event "Titled Tuesday intern op 11th Apr Early"]
[Site "Chess.com INT"]
[Date "2023.04.11"]
[Round "7"]
[White "Shukhman, Anna"]
[Black "Hadzimanolis, Antonios"]
[Result "1/2-1/2"]
[WhiteElo "2166"]
[BlackElo "2203"]
[PlyCount "101"]
[EventDate "2023.04.11"]
[EventType "swiss (blitz)"]
[EventRounds "11"]
[EventCountry "USA"]
[SourceTitle "CBM 213 Extra"]
[Source "ChessBase"]
[SourceDate "2023.05.31"]
[SourceVersion "1"]
[SourceVersionDate "2023.05.31"]
[SourceQuality "1"]

1. e4 e5 2. Nf3 Nc6 3. Bc4 Nf6 4. d3 h6 5. c3 d6 6. a4 g5 7. h3 Bg7 8. Be3 0-0 9. Nbd2 Be6 10. b4 d5 11. Bb3 dxe4 12. dxe4 Bxb3 13. Qxb3 Qd3 14. b5 Nxe4 15. Nxe4 Qxe4 16. bxc6 Qxc6 17. 0-0 Rad8 18. Rfd1 b6 19. Qb5 Qe6 20. a5 f5 21. axb6 axb6 22. Rxd8 Rxd8 23. Re1 c5 24. h4 e4 25. Nd2 f4 26. Bxc5 Rxd2 27. Qxb6 Qxb6 28. Bxb6 Bxc3 29. Rxe4 Kf7 30. hxg5 hxg5 31. f3 Kf6 32. Kh2 Kf5 33. Re8 Rd6 34. Bc5 Rh6+ 35. Kg1 Rc6 36. Rf8+ Kg6 37. Bf2 Rd6 38. Rc8 Rd1+ 39. Kh2 Be5 40. Rc6+ Kf5 41. Rc8 g4 42. Rf8+ Bf6 43. fxg4+ Kg6 44. Ra8 Rd2 45. Bc5 Be5 46. Kg1 Rc2 47. Bf2 Rc1+ 48. Kh2 Rc2 49. Kg1 Rc1+ 50. Kh2 Rc2 51. Kg1 1/2-1/2

[Event "GRE-chT2 48th"]
[Site "Thessaloniki"]
[Date "2021.10.08"]
[Round "5.4"]
[White "Hadzimanolis, Antonios"]
[Black "Ballas, Kleon Evangelos"]
[Result "1-0"]
[WhiteElo "2215"]
[BlackElo "1976"]
[PlyCount "91"]
[EventDate "2021.10.05"]
[EventType "team-swiss"]
[EventRounds "7"]
[EventCountry "GRE"]
[SourceTitle "CBM 204 Extra"]
[Source "ChessBase"]
[SourceDate "2021.11.30"]
[SourceVersion "1"]
[SourceVersionDate "2021.11.30"]
[SourceQuality "1"]
[WhiteTeam "Triandrias OS"]
[BlackTeam "Kalamarias ES"]
[WhiteTeamCountry "GRE"]
[BlackTeamCountry "GRE"]

1. e4 c6 2. d4 d5 3. e5 c5 4. dxc5 Nc6 5. Nf3 Bg4 6. c3 e6 7. b4 a6 8. Be2 Bxf3 9. Bxf3 Nxe5 10. Be2 Nf6 11. 0-0 Be7 12. Be3 0-0 13. Nd2 Nfd7 14. f4 Nc6 15. Nb3 b6 16. Nd4 Qc7 17. Qa4 Rfc8 18. Nxc6 Qxc6 19. Qxc6 Rxc6 20. Bxa6 Rxa6 21. b5 bxc5 22. Rab1 Bf6 23. bxa6 Rxa6 24. Rb7 Rd6 25. Rc7 g6 26. Rb1 Bxc3 27. Rbb7 d4 28. Rxd7 Rxd7 29. Rxd7 dxe3 30. Kf1 Kf8 31. Rc7 Bd4 32. a4 Ke8 33. a5 Kd8 34. Rxf7 Kc8 35. a6 Kb8 36. Rxh7 e5 37. fxe5 Bxe5 38. Ke2 Bd4 39. Kd3 Ka8 40. g4 g5 41. h3 Kb8 42. Re7 Ka8 43. Kc4 Kb8 44. Kb5 Ka8 45. a7 e2 46. Ka6 1-0

[Event "GRE-chT2 48th"]
[Site "Thessaloniki"]
[Date "2021.10.06"]
[Round "3.3"]
[White "Hadzimanolis, Antonios"]
[Black "Cheiladakis, Vasileios"]
[Result "1-0"]
[WhiteElo "2215"]
[BlackElo "1586"]
[PlyCount "46"]
[EventDate "2021.10.05"]
[EventType "team-swiss"]
[EventRounds "7"]
[EventCountry "GRE"]
[SourceTitle "CBM 204 Extra"]
[Source "ChessBase"]
[SourceDate "2021.11.30"]
[SourceVersion "1"]
[SourceVersionDate "2021.11.30"]
[SourceQuality "1"]
[WhiteTeam "Triandrias OS"]
[BlackTeam "Kalamarias Han"]
[WhiteTeamCountry "GRE"]
[BlackTeamCountry "GRE"]

1. e4 e5 2. Nf3 Nc6 3. Bb5 a6 4. Ba4 Nf6 5. 0-0 Nxe4 6. d4 b5 7. Bb3 d5 8. dxe5 Be6 9. c3 Be7 10. Nbd2 Nc5 11. Bc2 d4 12. cxd4 Nxd4 13. Nxd4 Qxd4 14. Nf3 Qxd1 15. Rxd1 f6 16. Be3 fxe5 17. Nxe5 Bd6 18. Re1 0-0-0 19. Nc6 Rde8 20. Nd4 Bd7 21. Nf5 Bxf5 22. Bxf5+ Kb7 23. Bd4 Rxe1+ 1-0

[Event "Titled Tuesday intern op 15st Dec"]
[Site "Chess.com INT"]
[Date "2020.12.15"]
[Round "8"]
[White "Tokhirjonova, Gulruhbegim"]
[Black "Hadzimanolis, Antonios"]
[Result "0-1"]
[WhiteElo "2378"]
[BlackElo "2215"]
[PlyCount "50"]
[EventDate "2020.12.15"]
[EventType "swiss (blitz)"]
[EventRounds "11"]
[EventCountry "USA"]
[SourceTitle "CBM 199 Extra"]
[Source "ChessBase"]
[SourceDate "2021.01.31"]
[SourceVersion "1"]
[SourceVersionDate "2021.01.31"]
[SourceQuality "1"]

1. e4 e5 2. Nf3 Nc6 3. Bb5 a6 4. Ba4 Nf6 5. 0-0 Be7 6. Re1 b5 7. Bb3 0-0 8. c3 d5 9. exd5 Nxd5 10. Nxe5 Nxe5 11. Rxe5 c6 12. d4 Bd6 13. Re1 Qh4 14. g3 Qh3 15. Qf3 Bg4 16. Qg2 Qh5 17. Nd2 Rae8 18. Re4 Bh3 19. Qh1 Nf4 20. Qf3 Qxf3 21. Nxf3 Rxe4 22. Bxf4 Bxf4 23. gxf4 Rxf4 24. Ne5 g6 25. Nxc6 Rg4+ 0-1

[Event "Titled Tuesday intern op 27th Oct"]
[Site "Chess.com INT"]
[Date "2020.10.27"]
[Round "1"]
[White "Hadzimanolis, Antonios"]
[Black "Dourerassou, Jonathan"]
[Result "0-1"]
[WhiteElo "2214"]
[BlackElo "2477"]
[PlyCount "136"]
[EventDate "2020.10.27"]
[EventType "swiss (blitz)"]
[EventRounds "11"]
[EventCountry "USA"]
[SourceTitle "CBM 199 Extra"]
[Source "ChessBase"]
[SourceDate "2021.01.31"]
[SourceVersion "1"]
[SourceVersionDate "2021.01.31"]
[SourceQuality "1"]

1. e4 e6 2. d4 d5 3. exd5 exd5 4. c4 Nf6 5. Nc3 dxc4 6. Bxc4 Bd6 7. Nf3 0-0 8. 0-0 Bg4 9. Bg5 Nbd7 10. Qd3 h6 11. Bh4 a6 12. Ne4 b5 13. Bb3 Be7 14. Bg3 c5 15. dxc5 Nxc5 16. Nxc5 Bxc5 17. Qxd8 Raxd8 18. Ne5 Bh5 19. Rac1 Ne4 20. Rfe1 Nxg3 21. hxg3 Bb4 22. Re4 Bd6 23. Nc6 Rde8 24. Rd4 Bc7 25. Rd7 Bb6 26. Ne7+ Kh8 27. Rc6 Bd8 28. Nd5 a5 29. a4 bxa4 30. Bxa4 Re1+ 31. Kh2 Bg4 32. Ra7 Re2 33. Ne3 Be6 34. Rd6 Rxf2 35. Ra8 Be7 36. Rxf8+ Bxf8 37. Rd8 Kg8 38. b3 g6 39. Nc4 Kg7 40. Ra8 Bd5 41. Rxa5 Bxg2 42. Kg1 Rc2 43. Ne3 Bc5 44. Rxc5 Rxc5 45. Kxg2 f5 46. Kf3 Kf6 47. b4 Rc3 48. b5 g5 49. Ke2 Ke5 50. Bc2 f4 51. gxf4+ gxf4 52. Ng4+ Kd4 53. Kd2 h5 54. Nf2 h4 55. Bd3 Rb3 56. Be2 Rb2+ 57. Ke1 Rb3 58. Bd1 Rxb5 59. Ke2 Rb2+ 60. Kf3 Rd2 61. Ba4 Ke5 62. Bb5 Rb2 63. Bd3 Rb3 64. Kg4 Kd4 65. Kxh4 Ke3 66. Ng4+ Kxd3 67. Kg5 f3 68. Ne5+ Ke2 0-1

[Event "Titled Tuesday intern op 27th Oct"]
[Site "Chess.com INT"]
[Date "2020.10.27"]
[Round "3"]
[White "Tologontegin, Semetey"]
[Black "Hadzimanolis, Antonios"]
[Result "1-0"]
[WhiteElo "2358"]
[BlackElo "2214"]
[PlyCount "51"]
[EventDate "2020.10.27"]
[EventType "swiss (blitz)"]
[EventRounds "11"]
[EventCountry "USA"]
[SourceTitle "CBM 199 Extra"]
[Source "ChessBase"]
[SourceDate "2021.01.31"]
[SourceVersion "1"]
[SourceVersionDate "2021.01.31"]
[SourceQuality "1"]

1. e4 e5 2. Nc3 Nf6 3. Bc4 Nxe4 4. Bxf7+ Kxf7 5. Nxe4 d5 6. Ng3 Nc6 7. d3 Be7 8. Nf3 Rf8 9. Qe2 Kg8 10. h3 Bd6 11. Bd2 e4 12. dxe4 Bxg3 13. fxg3 dxe4 14. Ng5 Nd4 15. Qc4+ Kh8 16. 0-0-0 b5 17. Nf7+ Rxf7 18. Qxf7 Be6 19. Qf2 Bxa2 20. Be3 c5 21. Bxd4 cxd4 22. Rxd4 Qb6 23. Rf1 Re8 24. b3 Qc5 25. Kb2 e3 26. Qxe3 1-0

[Event "Speed Chess Super Swiss"]
[Site "Chess.com INT"]
[Date "2020.10.03"]
[Round "7"]
[White "Hadzimanolis, Antonios"]
[Black "Bologan, Viktor"]
[Result "0-1"]
[WhiteElo "2214"]
[BlackElo "2574"]
[PlyCount "66"]
[EventDate "2020.10.03"]
[EventType "swiss (blitz)"]
[EventRounds "15"]
[EventCountry "USA"]
[SourceTitle "CBM 198 Extra"]
[Source "ChessBase"]
[SourceDate "2020.11.30"]
[SourceVersion "1"]
[SourceVersionDate "2020.11.30"]
[SourceQuality "1"]

1. e4 c5 2. c3 Nf6 3. e5 Nd5 4. Nf3 Nc6 5. Bc4 Nb6 6. Bb3 g6 7. 0-0 Bg7 8. d4 cxd4 9. cxd4 0-0 10. Nc3 d6 11. Qe2 Bg4 12. Rd1 Bxf3 13. Qxf3 dxe5 14. dxe5 Qc7 15. e6 f5 16. Bf4 Be5 17. Nb5 Qb8 18. Bh6 Rd8 19. Rxd8+ Qxd8 20. Rd1 Qb8 21. g4 a6 22. gxf5 axb5 23. fxg6 Bf6 24. gxh7+ Kh8 25. Rd7 Nxd7 26. exd7 Qe5 27. Bf4 Qf5 28. Qg3 Bg7 29. Bc7 Qxd7 30. Bg8 e5 31. Bb6 Nd4 32. Qe3 Qg4+ 33. Kf1 Rc8 0-1

[Event "Speed Chess Super Swiss"]
[Site "Chess.com INT"]
[Date "2020.10.03"]
[Round "11"]
[White "Hadzimanolis, Antonios"]
[Black "Golubev, Mikhail"]
[Result "0-1"]
[WhiteElo "2214"]
[BlackElo "2461"]
[PlyCount "88"]
[EventDate "2020.10.03"]
[EventType "swiss (blitz)"]
[EventRounds "15"]
[EventCountry "USA"]
[SourceTitle "CBM 198 Extra"]
[Source "ChessBase"]
[SourceDate "2020.11.30"]
[SourceVersion "1"]
[SourceVersionDate "2020.11.30"]
[SourceQuality "1"]

1. Nf3 d6 2. c4 g6 3. Nc3 Bg7 4. g3 e5 5. Bg2 Nc6 6. 0-0 f5 7. d3 h6 8. h4 Nf6 9. Nd5 0-0 10. Rb1 Nxd5 11. cxd5 Ne7 12. e4 f4 13. Nh2 Qe8 14. gxf4 exf4 15. d4 g5 16. hxg5 hxg5 17. Bf3 Qg6 18. Kh1 Nxd5 19. Qb3 g4 20. Rg1 g3 21. fxg3 fxg3 22. Qxd5+ Be6 23. Qh5 Qxh5 24. Bxh5 gxh2 25. Rxg7+ Kxg7 26. d5 Rf1+ 27. Kxh2 Rh8 28. Kg2 Rff8 29. dxe6 Rxh5 30. Be3 Re8 31. Bd4+ Kg6 32. Rg1 Rxe6 33. Kf3+ Kh6 34. Rg8 Rh3+ 35. Kg4 Rd3 36. Rh8+ Kg6 37. Rg8+ Kf7 38. Rg7+ Kf8 39. Kf5 Rxd4 40. Rxc7 Rdxe4 41. Rxb7 d5 42. Rd7 d4 43. Rxd4 Rxd4 44. Kxe6 Rd2 0-1

[Event "Speed Chess Super Swiss"]
[Site "Chess.com INT"]
[Date "2020.10.03"]
[Round "13"]
[White "Hadzimanolis, Antonios"]
[Black "Swicarz, Maciej"]
[Result "0-1"]
[WhiteElo "2214"]
[BlackElo "2341"]
[PlyCount "74"]
[EventDate "2020.10.03"]
[EventType "swiss (blitz)"]
[EventRounds "15"]
[EventCountry "USA"]
[SourceTitle "CBM 198 Extra"]
[Source "ChessBase"]
[SourceDate "2020.11.30"]
[SourceVersion "1"]
[SourceVersionDate "2020.11.30"]
[SourceQuality "1"]

1. Nf3 Nf6 2. c4 g6 3. b3 Bg7 4. Bb2 0-0 5. g3 c6 6. Bg2 d5 7. 0-0 Qb6 8. Qc2 Bf5 9. d3 Na6 10. Nc3 dxc4 11. bxc4 Nb4 12. Qb3 Na6 13. Rab1 Qxb3 14. axb3 Nb4 15. Na4 Rfd8 16. Nc5 b6 17. Na4 Nxd3 18. exd3 Bxd3 19. Ne5 Bxb1 20. Rxb1 Rac8 21. Nxc6 Rd7 22. Ba3 Bf8 23. Ne5 Rd2 24. Bb4 Rc2 25. g4 e6 26. Bxf8 Kxf8 27. Nc6 Nxg4 28. Nxa7 Rd8 29. h3 Nxf2 30. Nxb6 Rdd2 31. Kf1 f5 32. Nc6 Nd3 33. Nd4 Rf2+ 34. Kg1 Rxg2+ 35. Kh1 Rh2+ 36. Kg1 Rcg2+ 37. Kf1 Nf4 0-1

[Event "Speed Chess Super Swiss"]
[Site "Chess.com INT"]
[Date "2020.10.03"]
[Round "5"]
[White "Li, Hui"]
[Black "Hadzimanolis, Antonios"]
[Result "1-0"]
[WhiteElo "1985"]
[BlackElo "2214"]
[PlyCount "95"]
[EventDate "2020.10.03"]
[EventType "swiss (blitz)"]
[EventRounds "15"]
[EventCountry "USA"]
[SourceTitle "CBM 198 Extra"]
[Source "ChessBase"]
[SourceDate "2020.11.30"]
[SourceVersion "1"]
[SourceVersionDate "2020.11.30"]
[SourceQuality "1"]

1. e4 e5 2. Nf3 Nc6 3. Bb5 a6 4. Ba4 Nf6 5. 0-0 Be7 6. Re1 b5 7. Bb3 0-0 8. c3 d5 9. exd5 Nxd5 10. Nxe5 Nxe5 11. Rxe5 c6 12. d3 Bd6 13. Re1 Qh4 14. g3 Qh3 15. Re4 Qf5 16. Nd2 Qg6 17. Rh4 Bf5 18. Ne4 Bc7 19. Qh5 Rfe8 20. Qxg6 Bxg6 21. Bg5 f6 22. Bf4 f5 23. Bxc7 fxe4 24. dxe4 Bxe4 25. Re1 Bf3 26. Re3 Rxe3 27. fxe3 Re8 28. Kf2 Be4 29. Bxd5+ cxd5 30. Rf4 h6 31. h4 Re6 32. Ke1 Bb1 33. Kd2 Bxa2 34. Ba5 Bb1 35. Bb4 Be4 36. g4 Re8 37. g5 hxg5 38. hxg5 Kh7 39. Rf8 Kg6 40. Rxe8 Kxg5 41. Re7 Kf6 42. Re8 g5 43. Rg8 Bg6 44. Bc5 Kf5 45. Bd4 Bf7 46. Rg7 Ke6 47. Ke1 Be8 48. Rxg5 1-0

[Event "Titled Tuesday intern op 30th June"]
[Site "Chess.com INT"]
[Date "2020.06.30"]
[Round "1"]
[White "Hadzimanolis, Antonios"]
[Black "Bologan, Viktor"]
[Result "1/2-1/2"]
[WhiteElo "2214"]
[BlackElo "2574"]
[PlyCount "169"]
[EventDate "2020.06.30"]
[EventType "swiss (blitz)"]
[EventRounds "10"]
[EventCountry "USA"]
[SourceTitle "CBM 197 Extra"]
[Source "ChessBase"]
[SourceDate "2020.09.30"]
[SourceVersion "1"]
[SourceVersionDate "2020.09.30"]
[SourceQuality "1"]

1. e4 d6 2. d4 Nf6 3. Nc3 e5 4. dxe5 dxe5 5. Qxd8+ Kxd8 6. Bc4 Ke8 7. Nf3 Bd6 8. 0-0 a6 9. Bg5 Nbd7 10. Rfe1 h6 11. Bh4 b5 12. Bb3 Bb7 13. a4 b4 14. Bxf6 Nxf6 15. Nd5 Nd7 16. Nh4 c6 17. Nf5 Bb8 18. Nde3 g6 19. Ng3 Nc5 20. Nc4 a5 21. Rad1 Ke7 22. h4 h5 23. Nf1 Bc7 24. Nh2 Rad8 25. Nf3 f6 26. Rxd8 Rxd8 27. Kf1 Ba6 28. Kg1 Bxc4 29. Bxc4 Nxa4 30. b3 Nc3 31. Kf1 Ra8 32. Ra1 Nxe4 33. Bd3 f5 34. Bxe4 fxe4 35. Ng5 e3 36. fxe3 Bb6 37. Ke2 c5 38. Ne4 c4 39. bxc4 a4 40. c5 Bc7 41. Kd3 Ke6 42. Kc4 Kf5 43. Nf2 e4 44. Kxb4 Bg3 45. Nd1 Bxh4 46. c6 Ke6 47. Rxa4 Be7+ 48. Kb5 Rb8+ 49. Kc4 Rb6 50. Kd4 Rxc6 51. Kxe4 Rxc2 52. Kf3 g5 53. Ra6+ Bd6 54. Ra5 g4+ 55. Ke4 h4 56. Rh5 Bg3 57. Rg5 Rxg2 58. Rxg4 h3 59. Nc3 h2 60. Rg6+ Kf7 61. Rh6 Rg1 62. Ne2 h1Q+ 63. Rxh1 Rxh1 64. Nxg3 Rh4+ 65. Kf3 Ra4 66. Ne2 Ke6 67. Ng3 Ke5 68. Ne2 Rh4 69. Ng3 Rh8 70. Ne2 Rf8+ 71. Nf4 Kf5 72. Ne2 Rf7 73. Nf4 Ke5 74. Kf2 Ke4 75. Ke2 Ra7 76. Ng2 Ra2+ 77. Kf1 Kf3 78. Nh4+ Kxe3 79. Nf5+ Kf3 80. Ke1 Ra4 81. Kd2 Kf4 82. Nh4 Ra6 83. Ng2+ Ke4 84. Kc3 Ra1 85. Nh4 1/2-1/2

[Event "Titled Tuesday intern op 9th June"]
[Site "Chess.com INT"]
[Date "2020.06.09"]
[Round "4"]
[White "Galaktionov, Artem"]
[Black "Hadzimanolis, Antonios"]
[Result "1-0"]
[WhiteElo "2319"]
[BlackElo "2214"]
[PlyCount "77"]
[EventDate "2020.06.09"]
[EventType "swiss (blitz)"]
[EventRounds "10"]
[EventCountry "USA"]
[SourceTitle "CBM 196 Extra"]
[Source "ChessBase"]
[SourceDate "2020.07.31"]
[SourceVersion "1"]
[SourceVersionDate "2020.07.31"]
[SourceQuality "1"]

1. d4 Nf6 2. Nf3 e6 3. c4 c5 4. d5 b5 5. Bg5 Qa5+ 6. Nbd2 bxc4 7. Bxf6 gxf6 8. e4 f5 9. Bxc4 fxe4 10. Ng5 Bh6 11. Ngxe4 Bxd2+ 12. Qxd2 Qxd2+ 13. Kxd2 Bb7 14. Nd6+ Ke7 15. Nxb7 d6 16. dxe6 fxe6 17. Rhe1 e5 18. f4 Nd7 19. Bd5 Rab8 20. b3 Nf6 21. Bf3 e4 22. Bxe4 Nxe4+ 23. Rxe4+ Kd7 24. Na5 Rb5 25. Ra4 Re8 26. Re1 Rxe1 27. Kxe1 d5 28. Kd2 Kc7 29. f5 Kd6 30. g4 Ke5 31. Nc6+ Kd6 32. Nxa7 Rb7 33. Ke3 Re7+ 34. Kf4 Re2 35. f6 Rf2+ 36. Kg5 Ke5 37. Nc6+ Kd6 38. Ra6 d4 39. Nxd4+ 1-0

[Event "Titled Tuesday intern op 9th June"]
[Site "Chess.com INT"]
[Date "2020.06.09"]
[Round "9"]
[White "Hadzimanolis, Antonios"]
[Black "Florescu, Codrut Constantin"]
[Result "1-0"]
[WhiteElo "2214"]
[BlackElo "2293"]
[PlyCount "119"]
[EventDate "2020.06.09"]
[EventType "swiss (blitz)"]
[EventRounds "10"]
[EventCountry "USA"]
[SourceTitle "CBM 196 Extra"]
[Source "ChessBase"]
[SourceDate "2020.07.31"]
[SourceVersion "1"]
[SourceVersionDate "2020.07.31"]
[SourceQuality "1"]

1. e4 c5 2. c3 Nf6 3. e5 Nd5 4. Nf3 e6 5. Bc4 d6 6. 0-0 Nc6 7. d4 cxd4 8. cxd4 Be7 9. Qe2 a6 10. a3 b5 11. Ba2 0-0 12. Nbd2 dxe5 13. dxe5 Nf4 14. Qe4 Nd5 15. Qg4 Bb7 16. Ne4 Qc7 17. Bh6 g6 18. Bxf8 Rxf8 19. Rac1 Qd8 20. Rfd1 Kg7 21. h4 h5 22. Qg3 Na5 23. Nd6 Bxd6 24. exd6 Qf6 25. Ne5 Rd8 26. d7 Nf4 27. Re1 Nxg2 28. Nxf7 Qxf7 29. Bxe6 Qf6 30. Re5 Nxh4 31. Kf1 Nf3 32. Re3 Ng5 33. Qc7 Nxe6 34. Rxe6 Qg5 35. Rce1 Qg2+ 36. Ke2 Qg4+ 37. Kd3 Nc4 38. Re7+ Kh6 39. Qxd8 Qf5+ 40. Kc3 Qf6+ 41. Kb4 Ne5 42. Kc5 Nc6 43. Rh7+ Kg5 44. Qxf6+ Kxf6 45. d8Q+ Nxd8 46. Rd7 Ne6+ 47. Kb6 Bd5 48. Rxd5 Nf4 49. Rd6+ Kf5 50. Rc6 g5 51. Kxa6 h4 52. Rc5+ Kg4 53. Rxb5 h3 54. Rg1+ Ng2 55. Rb3 Kh4 56. Rg3 g4 57. R3xg2 h2 58. Rh1 Kg5 59. Rhxh2 Kf4 60. Rg3 1-0

[Event "Titled Tuesday intern op 9th June"]
[Site "Chess.com INT"]
[Date "2020.06.09"]
[Round "10"]
[White "Piliposyan, Robert"]
[Black "Hadzimanolis, Antonios"]
[Result "1-0"]
[WhiteElo "2199"]
[BlackElo "2214"]
[PlyCount "61"]
[EventDate "2020.06.09"]
[EventType "swiss (blitz)"]
[EventRounds "10"]
[EventCountry "USA"]
[SourceTitle "CBM 196 Extra"]
[Source "ChessBase"]
[SourceDate "2020.07.31"]
[SourceVersion "1"]
[SourceVersionDate "2020.07.31"]
[SourceQuality "1"]

1. d4 Nf6 2. c4 c5 3. d5 b5 4. cxb5 a6 5. b6 d6 6. Nc3 Nbd7 7. e4 Rb8 8. Nf3 g6 9. Bd3 Bg7 10. 0-0 0-0 11. Nd2 Nxb6 12. Qe2 a5 13. f3 Nh5 14. Nc4 Nxc4 15. Bxc4 Rb4 16. a3 Rb8 17. Be3 f5 18. Nb5 f4 19. Bf2 Bd7 20. a4 Be5 21. Rfd1 g5 22. Be1 Rf6 23. Bc3 Bxc3 24. bxc3 g4 25. e5 Rg6 26. Bd3 Bxb5 27. axb5 gxf3 28. Qxf3 Rg5 29. Qe4 dxe5 30. Qxh7+ Kf8 31. Bg6 1-0

[Event "Titled Tuesday intern op 9th June"]
[Site "Chess.com INT"]
[Date "2020.06.09"]
[Round "2"]
[White "Svane, Rasmus"]
[Black "Hadzimanolis, Antonios"]
[Result "1-0"]
[WhiteElo "2613"]
[BlackElo "2214"]
[PlyCount "67"]
[EventDate "2020.06.09"]
[EventType "swiss (blitz)"]
[EventRounds "10"]
[EventCountry "USA"]
[SourceTitle "CBM 196 Extra"]
[Source "ChessBase"]
[SourceDate "2020.07.31"]
[SourceVersion "1"]
[SourceVersionDate "2020.07.31"]
[SourceQuality "1"]

1. Nf3 Nf6 2. g3 g6 3. Bg2 Bg7 4. 0-0 0-0 5. d4 d6 6. Re1 Nbd7 7. e4 e5 8. Nc3 c6 9. a4 a5 10. h3 Qc7 11. Be3 Re8 12. d5 cxd5 13. exd5 Nc5 14. Nb5 Qd8 15. Nd2 Rf8 16. Nc4 Ne8 17. Ncxd6 b6 18. Nxe8 Rxe8 19. d6 Rb8 20. Qd2 Bd7 21. Nc7 Rf8 22. Nd5 Nxa4 23. b3 Nc5 24. Bxc5 bxc5 25. Rxa5 Be6 26. Rxc5 Kh8 27. Ne7 Rb6 28. Rd1 Bf6 29. Nc6 Qd7 30. Nxe5 Bxe5 31. Rxe5 Bxh3 32. Qd4 f6 33. Re7 Qc6 34. Bxc6 1-0

[Event "EU-ch Online U2300 Final"]
[Site "Chess.com INT"]
[Date "2020.05.26"]
[Round "1"]
[White "Lund, Terje"]
[Black "Hadzimanolis, Antonios"]
[Result "0-1"]
[WhiteElo "2104"]
[BlackElo "2214"]
[PlyCount "78"]
[EventDate "2020.05.26"]
[EventType "swiss"]
[EventRounds "8"]
[EventCountry "NET"]
[SourceTitle "CBM 196 Extra"]
[Source "ChessBase"]
[SourceDate "2020.07.31"]
[SourceVersion "1"]
[SourceVersionDate "2020.07.31"]
[SourceQuality "1"]

1. d4 Nf6 2. c4 c5 3. Nf3 cxd4 4. Nxd4 e5 5. Nb5 d5 6. cxd5 Bc5 7. e3 a6 8. N5c3 0-0 9. Be2 e4 10. Nd2 Re8 11. 0-0 b5 12. a3 Nbd7 13. b4 Bd6 14. Bb2 Bb7 15. Nb3 Rc8 16. Nd4 Nb6 17. Nf5 Be5 18. Qd2 Nbxd5 19. Nxd5 Nxd5 20. Rfd1 Qf6 21. Bxe5 Rxe5 22. Ng3 g6 23. Rac1 Rce8 24. Rc5 h5 25. Bf1 Kg7 26. Ne2 Rg5 27. g3 h4 28. Qd4 Rge5 29. Nf4 hxg3 30. hxg3 Nxf4 31. Rxe5 Qxe5 32. Qxe5+ Rxe5 33. exf4 Re7 34. Bg2 Rc7 35. Rd4 f5 36. g4 Kf6 37. g5+ Ke6 38. Bf1 Rc1 39. Rd8 Bd5 0-1